• Lingua e letteratura italiana.

di Genre/Form Term

Records bibliografici associati: 1

001 - CONTROL NUMBER

  • control field: 58879

003 - CONTROL NUMBER IDENTIFIER

  • control field:

005 - DATE AND TIME OF LATEST TRANSACTION

  • control field: 20210416122408.0

008 - FIXED-LENGTH DATA ELEMENTS

  • fixed length control field: 210416|| aca||aabn | a|a d

040 ## - CATALOGING SOURCE

  • Original cataloging agency:
  • Transcribing agency:

155 ## - HEADING--GENRE/FORM TERM

  • Genre/form term: Lingua e letteratura italiana.
  • General subdivision: Poesia

670 ## - SOURCE DATA FOUND

  • Source citation: Work cat.: ()0: Tartaglia, Ferdinando. 1916-1988 aut. 58876, Esercizi di verbo /, 2004.
CREDITS: SOCIETA' SAN PAOLO Via A.Severo, 58 - ROMA (RM) & PERIODICI SAN PAOLO SRL Via Giotto, 36 MILANO & CISF Via Giotto, 36 MILANO & EDIZIONI SAN PAOLO SRL,  Piazza Soncino, 5 CINISELLO BALSAMO (MI) -- ITALY